000
00317pam a2200145 a 4500
020
_c
041
_a
eng
082
_a
000
_b
WOR
100
_a
World Book, Inc.
245
_a
Eyewitness Book : Fossil
_h
Textual Documents
260
_a
Chicago
_b
World Book, Inc.
300
_a
64.
653
_a
General
930
_a
2629
999
_c
75910
_d
75910